00471 2200193 4500001002100000005001500021035002000036008004100056245005200097100001100149250000600160260004000166300001100206084001400217082000800231650001400239990001200253990001200265INLIS00000000000011520240502104933 a0010-0424000091240502 0 ind 1 aJangan Lupakan Aku Mainan Tradisional /cBarmin aBarmin a1 aBanten :bPT. Pantja Simpati,c2011 a60 hlm a600 BAR j a600 4aNon Fiksi a0732521 a0732522